| 000 | 00438ntaaa2200169 4500 | ||
|---|---|---|---|
| 003 | 01 | ||
| 005 | 20251027202322.0 | ||
| 008 | 0714s1973 ag 01 | ||
| 040 |
_aAR-BaBN _bspa _cAR-BaBN _eaacr _dRIC |
||
| 082 | _a281.1000 Ag9 | ||
| 100 | _aAgustín, San (de Hipona) | ||
| 245 | _aPáginas selectas de San Agustín | ||
| 250 | _a1 ed. | ||
| 260 |
_aParis : _bCasa Editorial Garnier Hermanos, _c1924 |
||
| 300 | _axxiv, 310 p | ||
| 942 | _cBK | ||
| 999 |
_c18000 _d18000 |
||